[Event "C'est un classique V U1800"]
[Site "Chess.com"]
[Date "2021.02.13"]
[Round "4.9"]
[White "Bernard, Jeremie"]
[Black "Berlinguet, Samuel"]
[Result "1-0"]
[WhiteElo "1207"]
[BlackElo "1206"]
[PlyCount "105"]
[EventDate "2021.01.23"]
[EventType "swiss"]
[EventRounds "5"]
[EventCountry "CAN"]

1. d4 d5 2. c4 dxc4 3. e3 Nf6 4. Bxc4 e5 5. Nf3 exd4 6. Ng5 Be6 7. Bxe6 fxe6 8.
Nxe6 Qe7 9. Nxd4 Nbd7 10. O-O O-O-O 11. Nc3 Ne5 12. a3 Qd6 13. b3 Neg4 14. Nf3
Qxd1 15. Rxd1 Bd6 16. Bb2 Ne5 17. Nxe5 Bxe5 18. Rxd8+ Rxd8 19. Rd1 Rxd1+ 20.
Nxd1 Bxb2 21. Nxb2 Ne4 22. f3 Nd2 23. b4 b5 24. Kf2 Kd7 25. Ke2 Nb1 26. Kd3
Nxa3 27. e4 Ke6 28. Kd4 Nc2+ 29. Kc3 Ne3 30. g4 Ke5 31. Nd3+ Kd6 32. Kd4 Nc2+
33. Kc3 Ne3 34. Nf4 c5 35. bxc5+ Kxc5 36. Ne6+ Kb6 37. Nxg7 Ka5 38. Kb3 Nc4 39.
Kc3 Ka4 40. f4 Ka3 41. Ne6 b4+ 42. Kxc4 b3 43. Nd4 b2 44. Nb5+ Ka2 45. Nc3+ Ka1
46. e5 a5 47. Kb3 a4+ 48. Kxa4 h6 49. e6 h5 50. e7 hxg4 51. e8=Q g3 52. Qe1+
b1=Q 53. Qxb1# 1-0

[Event "C'est un classique V U1800"]
[Site "Chess.com"]
[Date "2021.02.13"]
[Round "4.10"]
[White "Cormier, Benoit"]
[Black "Cote, Pierre"]
[Result "1-0"]
[WhiteElo "1393"]
[BlackElo "1196"]
[PlyCount "33"]
[EventDate "2021.01.23"]
[EventType "swiss"]
[EventRounds "5"]
[EventCountry "CAN"]

1. e4 d6 2. d4 Nf6 3. Nc3 g6 4. g3 Bg7 5. Bg2 c6 6. Nge2 O-O 7. h3 Nbd7 8. Be3
b5 9. a3 a6 10. O-O Rb8 11. Qd2 b4 12. axb4 Rxb4 13. b3 c5 14. Rad1 cxd4 15.
Nxd4 Ne5 16. f4 Ned7 17. Nc6 1-0

[Event "C'est un classique V U1800"]
[Site "Chess.com"]
[Date "2021.02.13"]
[Round "4.11"]
[White "Imbeault, Marc"]
[Black "Grenier, Marcel jr"]
[Result "1/2-1/2"]
[WhiteElo "1190"]
[BlackElo "1203"]
[PlyCount "82"]
[EventDate "2021.01.23"]
[EventType "swiss"]
[EventRounds "5"]
[EventCountry "CAN"]

1. e4 e5 2. Nf3 Nc6 3. Bc4 Bc5 4. d3 d6 5. O-O Nf6 6. Bg5 O-O 7. Nbd2 h6 8. Bh4
a6 9. c3 Be6 10. Bxe6 fxe6 11. Qb3 Qd7 12. Nc4 b5 13. Ne3 g5 14. Bg3 Bxe3 15.
fxe3 Kg7 16. Nd2 d5 17. Rae1 Nh5 18. d4 Nxg3 19. hxg3 exd4 20. exd4 Na5 21. Qd1
Nc4 22. Nxc4 bxc4 23. e5 Qb5 24. Qc2 Rab8 25. Rxf8 Rxf8 26. Rb1 a5 27. Qe2 Qe8
28. b3 Qg6 29. Rb2 Rb8 30. bxc4 Rxb2 31. Qxb2 dxc4 32. Qb5 Qd3 33. Qd7+ Kf8 34.
Qxe6 Qxg3 35. Qxh6+ Ke8 36. Qc6+ Kd8 37. e6 Qe1+ 38. Kh2 Qh4+ 39. Kg1 Qe1+ 40.
Kh2 Qh4+ 41. Kg1 Qe1+ 1/2-1/2

[Event "C'est un classique V U1800"]
[Site "Chess.com"]
[Date "2021.02.13"]
[Round "4.12"]
[White "Abboudy, Bassel"]
[Black "Berlinguet, Etienne"]
[Result "0-1"]
[WhiteElo "1186"]
[BlackElo "1347"]
[PlyCount "72"]
[EventDate "2021.01.23"]
[EventType "swiss"]
[EventRounds "5"]
[EventCountry "CAN"]

1. d4 Nf6 2. c4 g6 3. Nf3 Bg7 4. Nc3 O-O 5. g3 d6 6. Bg2 Nc6 7. O-O e5 8. dxe5
dxe5 9. Bg5 Qxd1 10. Rfxd1 h6 11. Bxf6 Bxf6 12. Nd5 Bd8 13. b3 a5 14. Nc3 f6
15. Nd2 Ne7 16. e4 c6 17. Nf1 Be6 18. Rd6 Kf7 19. Rad1 Bc7 20. R6d3 Rfd8 21.
Ne3 Rxd3 22. Rxd3 Rd8 23. Rxd8 Bxd8 24. c5 Nc8 25. Bf1 Be7 26. Na4 Na7 27. Nc4
Bxc4 28. Bxc4+ Ke8 29. a3 Nb5 30. b4 Nxa3 31. Be6 axb4 32. f3 Kd8 33. Kf2 g5
34. Ke2 Nb5 35. Kd3 Nd4 36. f4 Nxe6 0-1

[Event "C'est un classique V U1800"]
[Site "Chess.com"]
[Date "2021.02.13"]
[Round "4.13"]
[White "Loevenich, Anna"]
[Black "Chelkowski, Jan"]
[Result "1-0"]
[WhiteElo "952"]
[BlackElo "1070"]
[PlyCount "54"]
[EventDate "2021.01.23"]
[EventType "swiss"]
[EventRounds "5"]
[EventCountry "CAN"]

1. d4 b6 2. Nf3 Bb7 3. Qd3 e6 4. Nc3 c5 5. e3 Qf6 6. Be2 Nc6 7. a3 Nh6 8. d5
exd5 9. Nxd5 Qd8 10. e4 Ng4 11. Bf4 d6 12. Ng5 Nh6 13. c3 Ne5 14. Qb5+ Bc6 15.
Qa6 Be7 16. Bb5 Bxb5 17. Qxb5+ Nd7 18. O-O O-O 19. Rfe1 Ne5 20. Rad1 Nhg4 21.
h3 Qd7 22. Qxd7 Nxd7 23. hxg4 Rfe8 24. Nc7 Bxg5 25. Bxg5 f6 26. Bf4 Ne5 27.
Bxe5 Rxe5 1-0

[Event "C'est un classique V U1800"]
[Site "Chess.com"]
[Date "2021.02.20"]
[Round "5.7"]
[White "Yang, Jing Yao"]
[Black "Bernard, Jeremie"]
[Result "1-0"]
[WhiteElo "1309"]
[BlackElo "1207"]
[PlyCount "58"]
[EventDate "2021.01.23"]
[EventType "swiss"]
[EventRounds "5"]
[EventCountry "CAN"]

1. d4 Nf6 2. Bf4 c5 3. Nc3 Qb6 4. e3 Qxb2 5. Nb5 a6 6. Rb1 Qxb1 7. Qxb1 axb5 8.
Bxb5 cxd4 9. exd4 e5 10. Bxe5 Nd5 11. Bxb8 Bb4+ 12. Kf1 Rxb8 13. c4 Nc3 14.
Qxb4 Nxa2 15. Qb2 Ra8 16. Nf3 O-O 17. g3 d5 18. c5 Bh3+ 19. Ke2 Ra5 20. Nd2
Rfa8 21. Bd3 Re8+ 22. Kd1 Bg4+ 23. f3 Bd7 24. Re1 Rea8 25. Re7 Rb5 26. Bxb5
Bxb5 27. Rxb7 Ba4+ 28. Ke1 Re8+ 29. Kf2 Nc3 1-0

[Event "C'est un classique V U1800"]
[Site "Chess.com"]
[Date "2021.02.20"]
[Round "5.8"]
[White "Berlinguet, Etienne"]
[Black "Cormier, Benoit"]
[Result "1-0"]
[WhiteElo "1347"]
[BlackElo "1393"]
[PlyCount "59"]
[EventDate "2021.01.23"]
[EventType "swiss"]
[EventRounds "5"]
[EventCountry "CAN"]

1. e4 c5 2. Nf3 Nc6 3. d4 cxd4 4. Nxd4 Nf6 5. f3 e5 6. Nb3 a6 7. Nc3 Bb4 8. Bd2
d6 9. a3 Bxc3 10. Bxc3 O-O 11. Bd3 Qb6 12. Qd2 a5 13. Qf2 Qxf2+ 14. Kxf2 b6 15.
Nd2 Be6 16. Rad1 Rfd8 17. Bb5 Ne7 18. Nc4 Bxc4 19. Bxc4 Rac8 20. Ba2 Rc5 21.
Rd3 d5 22. b4 axb4 23. axb4 Rb5 24. Bc4 Rxb4 25. Bxb4 Nc6 26. Bc3 dxc4 27.
Rxd8+ Nxd8 28. Bxe5 Nh5 29. Bc7 Ne6 30. Bxb6 1-0

[Event "C'est un classique V U1800"]
[Site "Chess.com"]
[Date "2021.02.20"]
[Round "5.9"]
[White "Villeneuve, Joel"]
[Black "Loevenich, Anna"]
[Result "1-0"]
[WhiteElo "1232"]
[BlackElo "952"]
[PlyCount "35"]
[EventDate "2021.01.23"]
[EventType "swiss"]
[EventRounds "5"]
[EventCountry "CAN"]

1. d4 d5 2. Bf4 Nf6 3. e3 e6 4. Bd3 Bd6 5. Bg3 O-O 6. Nf3 c5 7. c3 c4 8. Bc2
Re8 9. Ne5 Nc6 10. Nd2 Qc7 11. f4 b5 12. a3 Rb8 13. O-O Bd7 14. Bh4 Be7 15. Rf3
Nh5 16. Rh3 Qd8 17. Qxh5 Nxe5 18. Qxh7+ 1-0

[Event "C'est un classique V U1800"]
[Site "Chess.com"]
[Date "2021.02.20"]
[Round "5.10"]
[White "Grenier, Marcel jr"]
[Black "Cote, Pierre"]
[Result "0-1"]
[WhiteElo "1203"]
[BlackElo "1196"]
[PlyCount "94"]
[EventDate "2021.01.23"]
[EventType "swiss"]
[EventRounds "5"]
[EventCountry "CAN"]

1. e4 d6 2. d4 Nf6 3. Nc3 g6 4. Be3 Bg7 5. Nf3 c6 6. Be2 O-O 7. O-O Nbd7 8. a4
Qc7 9. h3 a6 10. Qd2 c5 11. d5 Qb6 12. Rfb1 Qb4 13. Qd3 Nh5 14. Nd2 Ne5 15. Na2
Nxd3 16. Nxb4 Nxb4 17. Bxh5 gxh5 18. Nc4 Nxc2 19. Ra2 Nxe3 20. Nxe3 Bd7 21. b3
b5 22. Kh1 Rfb8 23. a5 Bd4 24. Nd1 f5 25. f3 fxe4 26. fxe4 Rf8 27. Re2 Rf1+ 28.
Kh2 Be5+ 29. g3 Rf3 30. Rg2 h4 31. Kh1 Rxg3 32. Rxg3+ Bxg3 33. Kg2 Rf8 34. Ne3
Rf2+ 35. Kh1 Bxh3 36. b4 c4 37. e5 dxe5 38. Rd1 Re2 39. Nf1 Bg2+ 40. Kg1 Bxf1
41. Kxf1 Rf2+ 42. Kg1 h3 43. d6 h2+ 44. Kh1 exd6 45. Rc1 d5 46. Rd1 d4 47. Rxd4
Rf1+ 0-1

[Event "C'est un classique V U1800"]
[Site "Chess.com"]
[Date "2021.02.20"]
[Round "5.11"]
[White "Berlinguet, Samuel"]
[Black "Imbeault, Marc"]
[Result "0-1"]
[WhiteElo "1206"]
[BlackElo "1190"]
[PlyCount "128"]
[EventDate "2021.01.23"]
[EventType "swiss"]
[EventRounds "5"]
[EventCountry "CAN"]

1. e4 g6 2. Nc3 Bg7 3. Nf3 d6 4. Bb5+ c6 5. Ba4 Nd7 6. d4 Ngf6 7. Qe2 O-O 8.
Bd2 e5 9. dxe5 dxe5 10. O-O-O Qc7 11. Bb3 Nc5 12. Qc4 Nxb3+ 13. Qxb3 Be6 14.
Qa3 Nd7 15. Be3 Rfb8 16. Ng5 Bf8 17. Nxe6 fxe6 18. Qb3 Re8 19. h4 Nf6 20. f3
Nh5 21. Ne2 Nf6 22. g4 b6 23. h5 Qf7 24. Ng3 Nxg4 25. fxg4 Qf3 26. Bd2 Qxg4 27.
hxg6 Qxg6 28. Rhg1 Kh8 29. Ne2 Qxe4 30. Qg3 Qg6 31. Qxg6 hxg6 32. Rxg6 Kh7 33.
Rg2 Bg7 34. Rh1+ Kg8 35. Bh6 Re7 36. Bxg7 Rxg7 37. Rxg7+ Kxg7 38. Kd2 Kf7 39.
Rh5 Kf6 40. Rh7 Kf5 41. Rb7 Ke4 42. c3 Kd5 43. b3 c5 44. c4+ Kc6 45. Rh7 a6 46.
Nc3 Rd8+ 47. Kc2 Rd4 48. Rh6 Kd6 49. a3 e4 50. Rh1 e3 51. Rd1 Ke5 52. Rxd4 Kxd4
53. Ne2+ Ke4 54. Kc3 Kf3 55. Nc1 Kf2 56. Kd3 e5 57. Ke4 e2 58. Nxe2 Kxe2 59.
Kxe5 Kd3 60. Kd5 Kc3 61. b4 cxb4 62. axb4 Kxb4 63. Kd4 Kb3 64. Kd3 a5 0-1

[Event "C'est un classique V U1800"]
[Site "Chess.com"]
[Date "2021.02.20"]
[Round "5.12"]
[White "Chelkowski, Jan"]
[Black "Abboudy, Bassel"]
[Result "0-1"]
[WhiteElo "1070"]
[BlackElo "1186"]
[PlyCount "56"]
[EventDate "2021.01.23"]
[EventType "swiss"]
[EventRounds "5"]
[EventCountry "CAN"]

1. e4 c5 2. Bc4 e6 3. Nc3 Nc6 4. Nf3 Nf6 5. b3 d5 6. Bd3 d4 7. Nb1 Bd6 8. h3
Ne5 9. Nxe5 Bxe5 10. Ba3 b6 11. Bb2 O-O 12. Na3 Bb7 13. Qf3 h6 14. Nc4 Bc7 15.
c3 b5 16. Na3 a6 17. Nc2 c4 18. bxc4 bxc4 19. Bxc4 Bxe4 20. Qe2 Bxc2 21. d3
dxc3 22. Bxc3 Ba4 23. O-O Qd6 24. g3 Nd5 25. Bd2 Bb6 26. Qg4 Nf6 27. Qf3 Bc6
28. Qe2 Qxg3# 0-1

[Event "C'est un classique VI"]
[Site "Chess.com"]
[Date "2021.03.06"]
[Round "1.1"]
[White "Turcotte, Jonathan"]
[Black "Yang, Jing Yao"]
[Result "1-0"]
[WhiteElo "2007"]
[BlackElo "1500"]
[PlyCount "59"]
[EventDate "2021.03.06"]
[EventType "swiss"]
[EventRounds "5"]
[EventCountry "CAN"]

1. d4 d5 2. c4 e6 3. Nf3 Nf6 4. Nc3 c6 5. Bg5 Nbd7 6. cxd5 exd5 7. Qc2 Be7 8.
e3 h6 9. Bh4 O-O 10. Bd3 Re8 11. O-O Nb6 12. h3 Be6 13. Rad1 Qc7 14. Bg3 Qc8
15. Ne5 Nbd7 16. f4 Nxe5 17. dxe5 Nh5 18. Bh2 Bxh3 19. gxh3 Qxh3 20. Qf2 Bc5
21. Rfe1 f6 22. Na4 Bb4 23. Re2 fxe5 24. fxe5 Rf8 25. Qg2 Qh4 26. Bg6 Be7 27.
Rd4 Qg5 28. Qxg5 Bxg5 29. Bxh5 Rf5 30. Bg4 1-0

[Event "C'est un classique VI"]
[Site "Chess.com"]
[Date "2021.03.06"]
[Round "1.2"]
[White "Courtemanche, Sylvain"]
[Black "Laroche, Hugo"]
[Result "0-1"]
[WhiteElo "1449"]
[BlackElo "1941"]
[PlyCount "49"]
[EventDate "2021.03.06"]
[EventType "swiss"]
[EventRounds "5"]
[EventCountry "CAN"]

1. e4 g6 2. d4 Bg7 3. Nf3 d6 4. Nc3 a6 5. Be3 b5 6. Qd2 Bb7 7. a4 b4 8. Nd5 a5
9. Bd3 Nd7 10. c4 c5 11. O-O e6 12. Nf4 cxd4 13. Nxd4 Bxd4 14. Bxd4 e5 15. Be3
exf4 16. Bxf4 Ne5 17. Rfd1 Nf6 18. Bg5 O-O 19. h3 Re8 20. Kh1 Nxd3 21. Qxd3
Nxe4 22. Bxd8 Nxf2+ 23. Kh2 Nxd3 24. Rxd3 Raxd8 25. Rad1 0-1

[Event "C'est un classique VI"]
[Site "Chess.com"]
[Date "2021.03.06"]
[Round "1.3"]
[White "Adam, Rafael"]
[Black "Berlinguet, Etienne"]
[Result "1-0"]
[WhiteElo "1907"]
[BlackElo "1347"]
[PlyCount "51"]
[EventDate "2021.03.06"]
[EventType "swiss"]
[EventRounds "5"]
[EventCountry "CAN"]

1. d4 Nf6 2. Bg5 g6 3. Bxf6 exf6 4. c4 Bg7 5. Nc3 O-O 6. g3 c6 7. Bg2 d6 8. e3
f5 9. Nge2 Nd7 10. O-O Nf6 11. Qb3 Rb8 12. Bxc6 Be6 13. Bf3 b5 14. d5 bxc4 15.
Qxc4 Bd7 16. Rab1 Re8 17. Nd4 Ne4 18. Nxe4 fxe4 19. Nc6 Rc8 20. Bxe4 Bxc6 21.
dxc6 Rc7 22. b4 Qe7 23. Bd5 h5 24. b5 Qg5 25. a4 Re5 26. f4 1-0

[Event "C'est un classique VI"]
[Site "Chess.com"]
[Date "2021.03.06"]
[Round "1.4"]
[White "Cormier, Benoit"]
[Black "Guipi Bopala, Prince Eric jr"]
[Result "1-0"]
[WhiteElo "1315"]
[BlackElo "1859"]
[PlyCount "117"]
[EventDate "2021.03.06"]
[EventType "swiss"]
[EventRounds "5"]
[EventCountry "CAN"]

1. e4 c6 2. Nf3 d5 3. Nc3 dxe4 4. Nxe4 Bf5 5. Ng3 Bg6 6. h4 h6 7. Ne5 Bh7 8.
Qh5 g6 9. Qf3 Nf6 10. Qb3 Qd5 11. Qxb7 c5 12. Bb5+ Nbd7 13. Bxd7+ Kd8 14. Qxd5
Nxd5 15. Bc6 Rc8 16. Bxd5 e6 17. Bxe6 fxe6 18. Nf7+ Ke7 19. Nxh8 Bg7 20. Nxg6+
Bxg6 21. c3 Bd3 22. f3 Be5 23. Kf2 Rg8 24. Ne4 c4 25. b3 Rf8 26. Ba3+ Ke8 27.
Bxf8 Kxf8 28. b4 Ke7 29. a4 Bf4 30. b5 Bxe4 31. fxe4 Bxd2 32. g4 Bxc3 33. Rac1
Bd4+ 34. Kf3 c3 35. g5 hxg5 36. hxg5 Kd6 37. Rh7 Ke5 38. a5 Kd6 39. g6 Kc5 40.
b6 axb6 41. axb6 Kxb6 42. g7 Bxg7 43. Rxg7 Kc5 44. Rxc3+ Kd4 45. Re3 e5 46. Rg5
Kc4 47. Rxe5 Kb4 48. Re8 Kc5 49. Rd3 Kc4 50. Rd1 Kc3 51. e5 Kc2 52. Rdd8 Kc3
53. e6 Kc4 54. e7 Kc5 55. Rf8 Kc4 56. e8=Q Kc5 57. Qe7+ Kc6 58. Rc8+ Kd5 59.
Rfd8# 1-0

[Event "C'est un classique VI"]
[Site "Chess.com"]
[Date "2021.03.06"]
[Round "1.5"]
[White "Magner, Wilhelm"]
[Black "Georgesu-Nicolau, Luca"]
[Result "1/2-1/2"]
[WhiteElo "1800"]
[BlackElo "1314"]
[PlyCount "84"]
[EventDate "2021.03.06"]
[EventType "swiss"]
[EventRounds "5"]
[EventCountry "CAN"]

1. d4 d5 2. Bf4 c5 3. e3 Nc6 4. c3 Bf5 5. Bd3 Bxd3 6. Qxd3 cxd4 7. exd4 Nf6 8.
Nd2 e6 9. Ngf3 Bd6 10. Bg3 O-O 11. O-O h6 12. Ne5 Nh5 13. f4 Nxg3 14. Qxg3 Bxe5
15. fxe5 Kh8 16. Rf2 f6 17. exf6 Rxf6 18. Rxf6 Qxf6 19. Rf1 Qe7 20. Qg6 Kg8 21.
Nf3 Rf8 22. Re1 Rf6 23. Qg3 Qf7 24. a3 Rg6 25. Ne5 Nxe5 26. Qxe5 b6 27. Rf1 Rf6
28. Rxf6 gxf6 29. Qf4 Kh7 30. Kf2 Qg6 31. Qc7+ Qg7 32. Qf4 Qg5 33. Qc7+ Kg6 34.
Qxa7 Qd2+ 35. Kg3 Qe3+ 36. Kh4 Qf2+ 37. Kh3 Qxb2 38. Qc7 Qxa3 39. Qc8 Kf7 40.
Qc7+ Kg6 41. Qg3+ Kf7 42. Qc7+ Kg6 1/2-1/2

[Event "C'est un classique VI"]
[Site "Chess.com"]
[Date "2021.03.06"]
[Round "1.6"]
[White "Villeneuve, Joel"]
[Black "Varro, Daniel"]
[Result "1/2-1/2"]
[WhiteElo "1232"]
[BlackElo "1764"]
[PlyCount "98"]
[EventDate "2021.03.06"]
[EventType "swiss"]
[EventRounds "5"]
[EventCountry "CAN"]

1. d4 d5 2. Bf4 c5 3. e3 Nc6 4. c3 Bf5 5. Nf3 e6 6. Bd3 Bxd3 7. Qxd3 Qb6 8.
Nbd2 Nf6 9. O-O Be7 10. Rfe1 Nh5 11. a3 Nxf4 12. exf4 cxd4 13. cxd4 O-O 14. Nb3
a5 15. Nc5 Bxc5 16. dxc5 Qxc5 17. Ng5 g6 18. Qh3 h5 19. g4 Qd4 20. gxh5 Qxf4
21. Nxe6 fxe6 22. Qxe6+ Qf7 23. Qg4 Qxf2+ 24. Kh1 Qf3+ 25. Qxf3 Rxf3 26. Rg1
Raf8 27. hxg6 Kg7 28. Rac1 R8f6 29. Kg2 Rf2+ 30. Kg3 Rxb2 31. Kh3 Rxg6 32.
Rxg6+ Kxg6 33. Rc5 d4 34. Kg3 Re2 35. h4 Re5 36. Rc2 d3 37. Rd2 Rd5 38. Kf3
Ne5+ 39. Ke4 Nc4 40. Kxd5 Nxd2 41. Kd4 Nf3+ 42. Kxd3 Nxh4 43. Kc4 Nf5 44. Kb5
Kf6 45. Kxa5 Ke6 46. Kb6 Nd6 47. a4 Kd5 48. a5 Nc4+ 49. Kxb7 Nxa5+ 1/2-1/2

[Event "C'est un classique VI"]
[Site "Chess.com"]
[Date "2021.03.06"]
[Round "1.7"]
[White "Laroche, Hugo"]
[Black "Abboudy, Bassel"]
[Result "1-0"]
[WhiteElo "1738"]
[BlackElo "1196"]
[PlyCount "107"]
[EventDate "2021.03.06"]
[EventType "swiss"]
[EventRounds "5"]
[EventCountry "CAN"]

1. d4 d5 2. Bf4 Nf6 3. Nf3 c5 4. e3 Nc6 5. c3 Qb6 6. Qb3 c4 7. Qc2 Bf5 8. Qc1
Nh5 9. Bg3 Nxg3 10. hxg3 g6 11. Nbd2 Bg7 12. Be2 O-O 13. Bd1 e5 14. O-O exd4
15. exd4 Rfe8 16. Bc2 Bg4 17. Rb1 Qa5 18. a3 Re6 19. Re1 Rae8 20. Rxe6 Rxe6 21.
Nf1 Re8 22. Qd2 Bxf3 23. gxf3 b5 24. Re1 Qd8 25. f4 Rxe1 26. Qxe1 Bf8 27. Ne3
f5 28. Bd1 Ne7 29. Bf3 a5 30. Nxd5 Qd6 31. Qe5 Qxe5 32. fxe5 Nxd5 33. Bxd5+ Kg7
34. f4 h6 35. Kf2 g5 36. Ke3 Be7 37. Bc6 b4 38. axb4 axb4 39. Bd5 bxc3 40. bxc3
gxf4+ 41. Kxf4 Kg6 42. Bxc4 Bg5+ 43. Kf3 Bd2 44. d5 Bxc3 45. e6 Bb4 46. Bd3 Bd6
47. g4 Kf6 48. gxf5 h5 49. Be4 h4 50. Kg4 Ke5 51. Kxh4 Kxe4 52. f6 Kxd5 53. e7
Bxe7 54. fxe7 1-0

[Event "C'est un classique VI"]
[Site "Chess.com"]
[Date "2021.03.06"]
[Round "1.8"]
[White "Imbeault, Marc"]
[Black "Dube, Daniel"]
[Result "0-1"]
[WhiteElo "1190"]
[BlackElo "1737"]
[PlyCount "84"]
[EventDate "2021.03.06"]
[EventType "swiss"]
[EventRounds "5"]
[EventCountry "CAN"]

1. e4 c5 2. Nf3 Nc6 3. d3 g6 4. g3 Bg7 5. Bg2 Nf6 6. Nbd2 O-O 7. O-O Rb8 8. c3
e5 9. Nc4 d6 10. Ne3 d5 11. exd5 Nxd5 12. Nc4 b5 13. Ne3 Nxe3 14. Bxe3 Qd6 15.
Ng5 f5 16. Qb3+ c4 17. dxc4 Na5 18. Qb4 Qxb4 19. cxb4 h6 20. Bd5+ Kh8 21. Nf7+
Rxf7 22. Bxf7 Nxc4 23. Rab1 e4 24. Bxc4 bxc4 25. Bxa7 Ra8 26. Be3 Rxa2 27. Rfd1
Be6 28. Bd4 Ra4 29. Bxg7+ Kxg7 30. b5 Rb4 31. Rd6 Kf7 32. b6 c3 33. Rc6 Ba2 34.
Rc7+ Kf6 35. Rc6+ Kg5 36. h4+ Kh5 37. bxc3 Rxb1+ 38. Kh2 Bd5 39. Rd6 Bc4 40.
Rc6 Be2 41. Rd6 Bf3 42. g4+ Kxh4 0-1

[Event "C'est un classique VI"]
[Site "Chess.com"]
[Date "2021.03.13"]
[Round "2.1"]
[White "Dube, Daniel"]
[Black "Turcotte, Jonathan"]
[Result "0-1"]
[WhiteElo "1737"]
[BlackElo "2007"]
[PlyCount "118"]
[EventDate "2021.03.06"]
[EventType "swiss"]
[EventRounds "5"]
[EventCountry "CAN"]

1. e4 c6 2. Nf3 d5 3. Nc3 Bg4 4. h3 Bxf3 5. Qxf3 Nf6 6. Be2 e6 7. O-O dxe4 8.
Nxe4 Nxe4 9. Qxe4 Qd5 10. Qg4 Nd7 11. c4 Qa5 12. d4 g6 13. Rd1 Bg7 14. Bd2 Qb6
15. Bc3 O-O 16. Qg3 Nf6 17. Qe3 Rfd8 18. b4 Qc7 19. a4 b6 20. Bf3 Rac8 21. g4
h6 22. Kg2 a6 23. h4 b5 24. g5 hxg5 25. hxg5 Nh7 26. axb5 axb5 27. c5 Ra8 28.
Be4 Ra4 29. Bc2 Rxa1 30. Rxa1 Qd7 31. Be4 Bxd4 32. Bxd4 Qxd4 33. Qxd4 Rxd4 34.
Bxc6 Rxb4 35. Bd7 Rc4 36. c6 b4 37. Ra8+ Nf8 38. Kg3 Kg7 39. Rc8 b3 40. Rb8 b2
41. Be8 e5 42. Rxb2 Ne6 43. Rb7 Nxg5 44. f3 Rc3 45. c7 Ne4+ 46. Kg2 Nd6 47. Rb8
Rxc7 48. Rd8 Nxe8 49. Rxe8 Kf6 50. Kg3 Kf5 51. Ra8 Rc3 52. Ra5 f6 53. Rb5 g5
54. Rb4 Rd3 55. Ra4 Rd4 56. Ra3 g4 57. Ra5 Rd3 58. Kh4 Rxf3 59. Ra4 Rh3# 0-1

[Event "C'est un classique VI"]
[Site "Chess.com"]
[Date "2021.03.13"]
[Round "2.2"]
[White "Laroche, Hugo"]
[Black "Cormier, Benoit"]
[Result "1-0"]
[WhiteElo "1941"]
[BlackElo "1315"]
[PlyCount "53"]
[EventDate "2021.03.06"]
[EventType "swiss"]
[EventRounds "5"]
[EventCountry "CAN"]

1. e4 c5 2. Nf3 Nc6 3. d4 cxd4 4. Nxd4 Nf6 5. Nc3 e5 6. Ndb5 d6 7. Bg5 a6 8.
Na3 b5 9. Nd5 Be7 10. Bxf6 Bxf6 11. c3 Bg5 12. Nc2 Be6 13. Nce3 O-O 14. a4 Bxe3
15. Nxe3 b4 16. Bc4 bxc3 17. bxc3 Qa5 18. O-O Rad8 19. Bd5 Ne7 20. c4 Bxd5 21.
cxd5 Rc8 22. Rb1 Rc7 23. Qb3 Rfc8 24. Qb6 Qxa4 25. Qxd6 Qxe4 26. Rb8 Nxd5 27.
Qd8+ 1-0

[Event "C'est un classique VI"]
[Site "Chess.com"]
[Date "2021.03.13"]
[Round "2.3"]
[White "Saulnier-Legault, Lea"]
[Black "Adam, Rafael"]
[Result "0-1"]
[WhiteElo "1653"]
[BlackElo "1907"]
[PlyCount "76"]
[EventDate "2021.03.06"]
[EventType "swiss"]
[EventRounds "5"]
[EventCountry "CAN"]

1. e4 e5 2. Nf3 Nc6 3. Bb5 a6 4. Ba4 Nf6 5. O-O Nxe4 6. d4 b5 7. Bb3 d5 8. Nxe5
Nxe5 9. dxe5 c6 10. c3 Bc5 11. Qe2 Qb6 12. Nd2 Bf5 13. Nxe4 Bxe4 14. Bc2 Bxc2
15. Qxc2 a5 16. Re1 O-O 17. Be3 Rae8 18. Bxc5 Qxc5 19. Qf5 Re6 20. Rad1 Qe7 21.
Kf1 Re8 22. a4 b4 23. Rd4 bxc3 24. bxc3 Rxe5 25. Rxe5 Qxe5 26. Qxe5 Rxe5 27. f4
Re8 28. c4 Rd8 29. Ke2 Kf8 30. Ke3 Ke7 31. cxd5 cxd5 32. g4 Kd6 33. Rd3 Re8+
34. Kf3 Re4 35. Ra3 Kc5 36. f5 Kc4 37. h3 Re7 38. g5 d4 0-1

[Event "C'est un classique VI"]
[Site "Chess.com"]
[Date "2021.03.13"]
[Round "2.4"]
[White "Chelkowski, Jan"]
[Black "Laroche, Hugo"]
[Result "0-1"]
[WhiteElo "1070"]
[BlackElo "1738"]
[PlyCount "60"]
[EventDate "2021.03.06"]
[EventType "swiss"]
[EventRounds "5"]
[EventCountry "CAN"]

1. e4 e5 2. Nf3 Nc6 3. Bc4 Bc5 4. d3 Nf6 5. Ng5 O-O 6. O-O d6 7. Be3 Bb6 8.
Bxb6 axb6 9. Nc3 h6 10. Nf3 Bg4 11. h3 Bh5 12. Nb5 Qd7 13. Re1 Rfe8 14. Re3 Nd4
15. Nbxd4 exd4 16. Re1 Re7 17. c3 dxc3 18. bxc3 d5 19. exd5 Rxe1+ 20. Qxe1 Bxf3
21. gxf3 Qxh3 22. Qe3 Re8 23. Qf4 Qh5 24. Qg3 Nxd5 25. Bxd5 Qxd5 26. d4 Re6 27.
Qh3 Rg6+ 28. Kh2 Rg5 29. Qc8+ Kh7 30. a4 Qxf3 0-1

[Event "C'est un classique VI"]
[Site "Chess.com"]
[Date "2021.03.13"]
[Round "2.5"]
[White "Villeneuve, Joel"]
[Black "Magner, Wilhelm"]
[Result "0-1"]
[WhiteElo "1232"]
[BlackElo "1800"]
[PlyCount "30"]
[EventDate "2021.03.06"]
[EventType "swiss"]
[EventRounds "5"]
[EventCountry "CAN"]

1. d4 d5 2. Bf4 c5 3. e3 Nc6 4. c3 Qb6 5. b3 Bf5 6. Na3 cxd4 7. exd4 e5 8. dxe5
Bxa3 9. Qxd5 Rd8 10. Qf3 Nge7 11. Bc4 Bb2 12. Rb1 Bxc3+ 13. Ke2 Nd4+ 14. Ke3
Nxf3+ 15. Kxf3 Bxb1 0-1

[Event "C'est un classique VI"]
[Site "Chess.com"]
[Date "2021.03.13"]
[Round "2.6"]
[White "Varro, Daniel"]
[Black "Georgesu-Nicolau, Luca"]
[Result "0-1"]
[WhiteElo "1764"]
[BlackElo "1314"]
[PlyCount "114"]
[EventDate "2021.03.06"]
[EventType "swiss"]
[EventRounds "5"]
[EventCountry "CAN"]

1. c4 e5 2. Nc3 Nf6 3. g3 Bc5 4. Bg2 d6 5. e3 O-O 6. Nge2 Nc6 7. O-O Bd7 8. d4
exd4 9. exd4 Bb6 10. Na4 Qe7 11. Nxb6 axb6 12. Re1 Rfe8 13. Bd2 Qf8 14. h3 Ra7
15. d5 Ne5 16. Qc2 Rea8 17. f4 Ng6 18. b3 Re8 19. Nd4 Raa8 20. Bc3 Rxe1+ 21.
Rxe1 Re8 22. Re2 Rxe2 23. Qxe2 Qe8 24. Qd3 Kf8 25. Kf2 Qe7 26. Nf5 Bxf5 27.
Qxf5 Qd7 28. Qxd7 Nxd7 29. Be4 Nc5 30. Bc2 f6 31. h4 Kf7 32. b4 Nd7 33. a4 c5
34. h5 Ngf8 35. Kf3 cxb4 36. Bxb4 Nc5 37. a5 bxa5 38. Bxa5 g6 39. g4 g5 40. Bd8
h6 41. fxg5 fxg5 42. Ba5 Nfd7 43. Bc3 Nb6 44. Bg6+ Kf8 45. Ke3 Nxc4+ 46. Kd4
Ne5 47. Bf5 b6 48. Bb4 Ke7 49. Ba3 Kf6 50. Kc3 Nf3 51. Kc4 Ne5+ 52. Kb5 Ke7 53.
Bb4 Ncd3 54. Bc3 Nf4 55. Be4 Nxg4 56. Bf3 Nf6 57. Kxb6 N6xd5+ 0-1

[Event "C'est un classique VI"]
[Site "Chess.com"]
[Date "2021.03.13"]
[Round "2.7"]
[White "Guipi Bopala, Prince Eric jr"]
[Black "Berlinguet, Etienne"]
[Result "1-0"]
[WhiteElo "1859"]
[BlackElo "1347"]
[PlyCount "89"]
[EventDate "2021.03.06"]
[EventType "swiss"]
[EventRounds "5"]
[EventCountry "CAN"]

1. d4 Nf6 2. c4 g6 3. Nc3 Bg7 4. e4 d6 5. f3 O-O 6. Be3 Na6 7. Nge2 c5 8. d5
Nb8 9. Qd2 Nbd7 10. Bh6 Ne5 11. b3 Nd3+ 12. Qxd3 Bxh6 13. f4 Bg7 14. g3 Qa5 15.
Bg2 Ne8 16. O-O Bg4 17. Bf3 Bxf3 18. Qxf3 Qd8 19. Rae1 Qd7 20. Nc1 Nc7 21. e5
Rae8 22. Nd3 e6 23. Ne4 exd5 24. Nxd6 b6 25. Nxe8 Rxe8 26. cxd5 Nxd5 27. Rd1
Nc3 28. Nxc5 Qc7 29. Qxc3 Qxc5+ 30. Qxc5 bxc5 31. Rd7 a5 32. Rc7 Bf8 33. Rd1
Ra8 34. Rdd7 a4 35. Ra7 Rxa7 36. Rxa7 axb3 37. axb3 h5 38. Kg2 Bg7 39. Rc7 Bf8
40. Kf3 Kh8 41. Ke4 Kg8 42. Kd5 h4 43. gxh4 Kg7 44. e6 Kf6 45. Rxf7# 1-0